Understanding islam : contemporary discourse

Bibliographic Details
Main Author: Kamar Oniah Kamaruzaman
Format: Book
Published: Kuala Lumpur : Saba Islamic Media Sdn. Bhd. , 2009
Subjects:

MARC

LEADER 00000cam a2200000 7i4500
001 0000086558
005 20210321.0
008 210321
020 |a 9789833617999 
041 0 |a English 
090 0 0 |a 297   |b KAM 
100 0 |a Kamar Oniah Kamaruzaman 
245 1 0 |a Understanding islam :   |b contemporary discourse   |c Kamar Oniah Kamaruzaman 
260 |a Kuala Lumpur :   |b Saba Islamic Media Sdn. Bhd. ,   |c 2009 
300 |a 355 p. :   |b col.ill ;   |c 22.6 cm. 
541 0 0 |a Purchased on 2020   |f 593-10-2020 CMD   |h RM61.00 
650 0 |a Islam   |x Customs and practices 
999 |a 0001653857   |b Book   |c Adult Collection   |e Perbadanan Perpustakaan Awam Johor